No one writes to the colonel and other stories / (Record no. 14301)

MARC details
000 -LEADER
fixed length control field 01659cam a22003618a 4500
001 - CONTROL NUMBER
control field 13695512
003 - CONTROL NUMBER IDENTIFIER
control field EG-ScBUE
005 - DATE AND TIME OF LATEST TRANSACTION
control field 20220308115024.0
008 - FIXED-LENGTH DATA ELEMENTS--GENERAL INFORMATION
fixed length control field 040823s2005 nyu f 000 1 eng d
020 ## - INTERNATIONAL STANDARD BOOK NUMBER
International Standard Book Number 9780060751579
040 ## - CATALOGING SOURCE
Original cataloging agency DLC
Language of cataloging eng
Description conventions rda
Transcribing agency DLC
Modifying agency DLC
-- EG-ScBUE
041 1# - LANGUAGE CODE
Language code of text/sound track or separate title eng
Language code of original and/or intermediate translations of text spa
082 04 - DEWEY DECIMAL CLASSIFICATION NUMBER
Classification number 863.64
Edition number 22
Item number GAR
100 1# - MAIN ENTRY--PERSONAL NAME
Personal name García Márquez, Gabriel,‏
Dates associated with a name 1927-2014,
Relator term author.
9 (RLIN) 15523
245 10 - TITLE STATEMENT
Title No one writes to the colonel and other stories /
Statement of responsibility, etc Gabriel García Márquez ; translated from the Spanish by J.S. Bernstein.
264 #1 - PUBLICATION, DISTRIBUTION, ETC. (IMPRINT)
Place of publication, distribution, etc New York :
Name of publisher, distributor, etc Perennial Classics,
Date of publication, distribution, etc 2005.
300 ## - PHYSICAL DESCRIPTION
Extent 170 pages :
Dimensions 20 cm
336 ## - CONTENT TYPE
Source rdacontent
Content type term text
Content type code txt
337 ## - MEDIA TYPE
Source rdamedia
Media type term unmediated
Media type code n
338 ## - CARRIER TYPE
Source rdacarrier
Carrier type term volume
Carrier type code nc
505 0# - FORMATTED CONTENTS NOTE
Formatted contents note No one writes to the colonel -- Big Mama's funeral -- Tuesday siesta -- One of these days -- There are no thieves in this town -- Balthazar's marvelous afternoon -- Montiel's widow -- One day after Saturday -- Artificial roses -- Big Mama's funeral.
546 ## - LANGUAGE NOTE
Language note Text in English ; translated from the Spanish.
650 #7 - SUBJECT ADDED ENTRY--TOPICAL TERM
Topical term or geographic name as entry element Spanish fiction
General subdivision Translations into English.
Source of heading or term BUEsh
651 #7 - SUBJECT ADDED ENTRY--GEOGRAPHIC NAME
Geographic name Colombia
General subdivision Social conditions
Form subdivision Fiction.
Source of heading or term BUEsh
653 ## - INDEX TERM--UNCONTROLLED
Resource For college Humanities: English
Arrived date list March2022
655 ## - INDEX TERM--GENRE/FORM
Form subdivision Reading book
9 (RLIN) 34232
700 1# - ADDED ENTRY--PERSONAL NAME
Personal name Bernstein, J. S.,
Relator term translator.
9 (RLIN) 15525
700 12 - ADDED ENTRY--PERSONAL NAME
Personal name Garcia Marquez, Gabriel,
Dates associated with a name 1928-
Title of a work Funerales de la Mama Grande.
Language of a work English.
9 (RLIN) 15526
856 42 - ELECTRONIC LOCATION AND ACCESS
Materials specified Publisher description
Uniform Resource Identifier <a href="http://www.loc.gov/catdir/enhancements/fy0910/2004051256-d.html">http://www.loc.gov/catdir/enhancements/fy0910/2004051256-d.html</a>
942 ## - ADDED ENTRY ELEMENTS (KOHA)
Source of classification or shelving scheme Dewey Decimal Classification
Koha item type Book - Borrowing
Holdings
Withdrawn status Lost status Source of classification or shelving scheme Damaged status Not for loan Collection code Home library Current library Shelving location Date acquired Source of acquisition Cost, normal purchase price Serial Enumeration / chronology Full call number Barcode Date last seen Price effective from Koha item type
    Dewey Decimal Classification     Baccah Central Library Central Library Second Floor 30/06/2010 Purchase 130.00 10487 863.64 GAR 000021140 15/07/2025 30/06/2010 Book - Borrowing